Guatemala, la historia silenciada: 1944-1989
Saved in:
| Main Author: | |
|---|---|
| Format: | Book |
| Language: | Spanish |
| Published: |
Ciudad de Guatemala
Fondo de Cultura Económica de Guatemala
2008
|
| Edition: | 1a. ed |
| Series: | Sección de Obras de Historia
|
| Subjects: | |
| Tags: |
Add Tag
No Tags, Be the first to tag this record!
|
MARC
| LEADER | 00000nam a2200000 a 4500 | ||
|---|---|---|---|
| 001 | UCH2392 | ||
| 003 | CL-VaPUC | ||
| 008 | 090611e20080000GT |||||||||||||||||spa|d | ||
| 020 | |a 9992248539 | ||
| 082 | 0 | 4 | |a 972.81052 |b SAB |2 21 |
| 100 | 0 | |a Sabino, Carlos |e author |9 537172 | |
| 245 | 1 | 0 | |a Guatemala, la historia silenciada: 1944-1989 |
| 250 | |a 1a. ed | ||
| 300 | |a t | ||
| 942 | |c BK | ||
| 945 | |d 20090611 00:00:00 |a cmena | ||
| 260 | |a Ciudad de Guatemala |b Fondo de Cultura Económica de Guatemala |c 2008 | ||
| 500 | |a t.2: El dominó que no cayó | ||
| 650 | 7 | |a HISTORIA DE GUATEMALA |2 CL-VaPUC |9 537173 | |
| 650 | 7 | |a REVOLUCION 1944-1989 |2 CL-VaPUC |9 537174 | |
| 650 | 7 | |a GUERRILLAS |2 CL-VaPUC |9 313530 | |
| 650 | 0 | |a Violencia social |9 399777 | |
| 650 | 0 | |a Historia política |9 256974 | |
| 651 | 0 | |a Guatemala |9 258335 | |
| 583 | |a last modification |c 20090611 00:00:00 |k Rodrigo Vera | ||
| 490 | 0 | |a Sección de Obras de Historia | |
| 999 | |c 334133 |d 334131 | ||
| 952 | |0 0 |1 0 |4 0 |6 972_810520000000000_SAB_2008 |7 0 |8 A |9 422957 |a BIBHIS |b BIBHIS |d 2019-11-22 |h t.2 |i 456149K |o 972.81052 SAB 2008 |p 456149K |r 2025-01-20 |w 2019-11-22 |y BK |k HIS | ||